header

Macroprudential regulatory policies (Record no. 146369)

MARC details
000 -LEADER
fixed length control field 01472nam a2200337 a 4500
245 10 - TITLE STATEMENT
Title Macroprudential regulatory policies
260 ## - PUBLICATION, DISTRIBUTION, ETC. (IMPRINT)
Place of publication Singapore :
Name of publisher World Scientific Pub. Co.,
Year of publication 2012.
300 ## - PHYSICAL DESCRIPTION
Number of Pages xi, 408 p. :
Other physical details ill.
490 1# - SERIES STATEMENT
Series statement World Scientific studies in international economics,
650 #0 - SUBJECT ADDED ENTRY--TOPICAL TERM
Topical Term Banks and banking
Topical Term Banking law
700 1# - ADDED ENTRY--PERSONAL NAME
Personal name Claessens, Stijn.
856 40 - ELECTRONIC LOCATION AND ACCESS
Uniform Resource Identifier http://site.ebrary.com/lib/rucke/Doc?id=10529370

No items available.

© 2026 Rongo University
Contact us: librarian | system librarian | Rongo university